Movies Quiz

Random Movies or Animation Quiz

Woody's Pull-String Quotes from Toy Story Quiz Stats

Quiz Updated Mar 25, 2012

Also try: 'Toy Story' Toys
Challenge
Share
Tweet
Embed
Score 0/55 Timer 05:00
1 Play Today
% Correct
a
95.7%
a
95.7%
the
93.1%
the
93.1%
the
93.1%
my
92%
my
92%
in
92%
boot.
87.8%
There's
87.5%
snake
87.3%
for
55.2%
for
55.2%
Reach
48.9%
sky!
48.8%
your
43%
poisoned
42.9%
waterhole.
42.9%
You're
42.5%
to
40.6%
to
40.4%
to
40.3%
favorite
36.9%
deputy.
35.3%
Somebody's
33.9%
of
29.3%
partner.
28.5%
this
23.9%
% Correct
This
23.9%
us.
22.2%
two
20.8%
town
19.8%
big
19.8%
I'm
19.6%
enough
19.4%
ain't
19.1%
like
18.8%
got
15.9%
get
14.3%
going
13.2%
but
13.1%
Yee-ha!
12.5%
I'd
12%
little
9.2%
first
8.6%
We've
8.3%
song.
8.1%
Giddyup
8.1%
sing
8.1%
train
7.6%
join
7.5%
posse,
7.5%
boys,
7.3%
a-movin'.
7.2%
wagon
6.9%

You're not logged in!

Compare scores with friends on all Sporcle quizzes.
Sign Up with Email
OR
Log In

You Might Also Like...

Show Comments

Extras

Top Quizzes Today


Score Distribution

Your Account Isn't Verified!

In order to create a playlist on Sporcle, you need to verify the email address you used during registration. Go to your Sporcle Settings to finish the process.